00569nam a22001817a 450000500170000001000150001702000260003203500140005803700130007208200210008510000180010624500830012426000400020727000450024730000250029250000500031770000200036720161124155120.0 aENG-116639 a9788184845204c980.00 aEN-100171 bDBAD/PUB a324.082095409043 aSanjeev Kumar aWomen in the national movement /cby Sanjeev Kumar ; foreword by Ashu Pasricha aNew DelhibRegal Publicationsc2016 aF-159, Rajouri GardenbNew Delhie110041 aviii,215p.c22cm(Hb) aIncludes bibliographical references and index a Pasricha, Ashu